Countries with Italian Military Bases - Statistics

General Stats
  • This quiz has been taken 71 times
  • The average score is 2 of 6
Answer Stats
Continent Country % Correct
Africa Libya
68%
North America United States of America
61%
Africa Djibouti
39%
Asia Afghanistan
22%
Asia United Arab Emirates
14%
Asia Kuwait
7%
No matching quizzes found
Score Distribution
Percent of People with Each Score
Percentile by Number Answered
Your Score History
You have not taken this quiz